Κατάλογος Βιβλιοθηκών Mediterranean College

Criminal Psychology (Record no. 8192)

MARC details
000 -LEADER
fixed length control field 01307cam a22002174a 4500
005 - ΗΜΕΡΟΜΗΝΙΑ ΚΑΙ ΩΡΑ ΤΕΛΕΥΤΑΙΑΣ ΕΝΗΜΕΡΩΣΗΣ
Πεδίο ελέγχου 20250605164329.0
008 - FIXED-LENGTH DATA ELEMENTS--GENERAL INFORMATION
Πεδίο ελέγχου σταθερού μήκους 250528s ||||||||||||||||||||||||d
035 ## - SYSTEM CONTROL NUMBER
System control number 23162
020 ## - ISBN
ISBN 9781843923640
040 ## - ΠΗΓΗ ΚΑΤΑΛΟΓΟΓΡΑΦΗΣΗΣ
Φορέας πρωτότυπης καταλογογράφησης MC Athens Campus Library
Γλώσσα καταλογογράφησης Ελληνικά, Μοντέρνα (1453-)
Modifying agency MC Athens Campus Library
Κανόνες περιγραφικής καταλογογράφησης AACR2
245 1# - ΤΙΤΛΟΣ ΚΑΙ ΔΗΛΩΣΗ ΥΠΕΥΘΥΝΟΤΗΤΑΣ
Τίτλος Criminal Psychology
250 ## - EDITION STATEMENT
Edition statement 1st
260 ## - PUBLICATION, DISTRIBUTION, ETC.
Name of publisher, distributor, etc. Routledge - Taylor & Francis Group,
Date of publication, distribution, etc. 2009
300 ## - PHYSICAL DESCRIPTION
Extent 182
520 ## - SUMMARY, ETC.
Summary, etc. This book aims to provide an accessible introduction to the subject for the students coming to it for the first time. Acknowledgements, Crime: The Phenomenon, Approach in Criminal Psychology, What is Crime? Definitions and Understandings and Labels, Counting Crime Versus Understanding Crime, Understanding Fear of Crime, The Causes of Crime, Biological and Genetic Explanations, Personality Factor, Cognitive Distortions, The Causes of Aggression and Violence, Defining Aggression, Solving Crime, The Nature of Police Work, Criminal Investigation, Detection of Deception, Offender Profiling, Courtroom Psychology, Jury Decision Making, False or Recovered Memories, Miscarriages of Justice, Sentencing and Punishment, Sentencing as a Human Process, Community Orders, References, Index.
700 1# - ΠΡΟΣΘΕΤΗ ΑΝΑΓΡΑΦΗ--ΦΥΣΙΚΟ ΠΡΟΣΩΠΟ
Personal name Pakes Francis
9 (RLIN) 8740
700 1# - ΠΡΟΣΘΕΤΗ ΑΝΑΓΡΑΦΗ--ΦΥΣΙΚΟ ΠΡΟΣΩΠΟ
Personal name Pakes Suzanne
9 (RLIN) 8741
942 ## - ADDED ENTRY ELEMENTS (KOHA)
Koha item type Books
Holdings
Τύπος τεκμηρίου Βιβλιοθήκη Τρέχουσα τοποθεσία Barcode Αριθμός εισαγωγής Ημερομηνία απόκτησης Ταξιθετικό σύμβολο Αριθμός αντιτύπου Κατάσταση απόσυρσης Κατάσταση χαμένου Κατάσταση κατεστραμμένου Μη δανεισμός Σύνολο δανεισμών Ημερομηνία τελευταίας εμφάνισης Η τιμή ισχύει από
Books MC Athens Campus Library MC Athens Campus Library 9780000081919 7582 05/06/2025 364.3 PAK 1           05/06/2025 05/06/2025

MC Athens Campus Library
Πατησίων 94 & Κοδριγκτώνος 13, 104 34
Πελλήνης 8 & Πατησίων 107, 112 51
Τ: +30 210 8899600

MC Thessaloniki Campus Library
Ίωνος Δραγούμη 21, 54625 | Ίωνος Δραγούμη 15, 54625
Τ: +30 2310 287779 – Τ: +30 2314 440300